The Hits of Diana Ross - Statistics

General Stats
  • This quiz has been taken 22 times
  • The average score is 11 of 15
Answer Stats
Hint Answer % Correct
Why Do Fools - Fall In Love
100%
Ain't No Mountain - High Enough
100%
Endless - Love
100%
I'm Coming - Out
100%
Upside - Down
92%
Remember - Me
92%
Touch Me - In The Morning
77%
Chain - Reaction
77%
I'm Still - Waiting
69%
Love - Hangover
54%
My Old - Piano
54%
Not Over - You Yet
46%
When You - Tell Me That You Love Me
38%
Work - That Body
31%
No One Gets - The Prize
31%
No matching quizzes found
Score Distribution
Percent of People with Each Score
Percentile by Number Answered
Your Score History
You have not taken this quiz